Apostolato della comunicazione sociale (L') (Record n. 98976)

Dettagli MARC
000 -LEADER
fixed length control field 00915njm a2200313Ia 4500
001 - CONTROL NUMBER
control field C1801
003 - CONTROL NUMBER IDENTIFIER
control field IT-RoPAU
005 - DATE AND TIME OF LATEST TRANSACTION
control field 20220918181111.0
008 - FIXED-LENGTH DATA ELEMENTS--GENERAL INFORMATION
fixed length control field 131025s9999 xx 000 0 und d
040 ## - CATALOGING SOURCE
Original cataloging agency IT-RoPAU
040 ## - CATALOGING SOURCE
Transcribing agency IT-RoPAU
041 ## - LANGUAGE CODE
Language code of text/sound track or separate title ITALIANO
999 ## - SYSTEM CONTROL NUMBERS (KOHA)
Koha Dewey Subclass [OBSOLETE] n.d.
100 ## - MAIN ENTRY--PERSONAL NAME
Personal name Rovigatti Vitaliano
9 (RLIN) 29713
100 ## - MAIN ENTRY--PERSONAL NAME
Relator term Autore testo
9 (RLIN) 29714
100 ## - MAIN ENTRY--PERSONAL NAME
Miscellaneous information Codice autore testoSPICS: 1811
9 (RLIN) 29715
245 ## - TITLE STATEMENT
Title Apostolato della comunicazione sociale (L')
250 ## - EDITION STATEMENT
Edition statement 1a ed.
260 ## - PUBLICATION, DISTRIBUTION, ETC. (IMPRINT)
Place of publication, distribution, etc. ROMA
260 ## - PUBLICATION, DISTRIBUTION, ETC. (IMPRINT)
Name of publisher, distributor, etc. SPICS RECORDS
300 ## - PHYSICAL DESCRIPTION
Extent MUSICASSETTA
300 ## - PHYSICAL DESCRIPTION
Dimensions 90 minuti (Testo: 0 pag.)
500 ## - GENERAL NOTE
General note Parlato.
505 ## - FORMATTED CONTENTS NOTE
Formatted contents note Intervista.
650 ## - SUBJECT ADDED ENTRY--TOPICAL TERM
Topical term or geographic name as entry element PARLATO [CASSETTE]
Relator term Codice MATERIA SPICS: 9951
9 (RLIN) 29716
700 ## - ADDED ENTRY--PERSONAL NAME
Personal name Bonetto Giovanni
Relator term Autore
Miscellaneous information Codice autore SPICS: 9009
9 (RLIN) 29717
700 ## - ADDED ENTRY--PERSONAL NAME
Personal name Bonetto Giovanni
Miscellaneous information Codice interprete SPICS: 9009
Relator term Interprete
9 (RLIN) 29718
942 ## - ADDED ENTRY ELEMENTS (KOHA)
Koha item type MUSICASSETTE
Source of classification or shelving scheme Dewey Decimal Classification
Dati di copia
Withdrawn status Lost status Damaged status Not for loan Home library Current library Date acquired Total Checkouts Full call number Date last seen Price effective from Koha item type Public note
    Buone Condizioni Not For Loan SPICS-MEDIATECA SPICS-MEDIATECA 25/10/2013   C1801 25/10/2013 25/10/2013 MUSICASSETTE Progr. Ins.: 1051 / N.Vol.: 1 / Copie: 1 - Copia rara: n.d. / date import: 01.01.2014 - By Epidotti, Trombetti, Vaglietti
CREDITS: SOCIETA' SAN PAOLO Via A.Severo, 58 - ROMA (RM) & PERIODICI SAN PAOLO SRL Via Giotto, 36 MILANO & CISF Via Giotto, 36 MILANO & EDIZIONI SAN PAOLO SRL,  Piazza Soncino, 5 CINISELLO BALSAMO (MI) -- ITALY